书目信息 |
| 题名: |
文学与美--中国古代文学鉴赏
|
|
| 作者: | 李玉芝 编著 | |
| 分册: | ||
| 出版信息: | 北京 纺织工业出版社 1998.12 |
|
| 页数: | 252页 | |
| 开本: | 32开 | |
| 丛书名: | ||
| 单 册: | ||
| 中图分类: | ||
| 科图分类: | ||
| 主题词: | 文学--中国 | |
| 电子资源: | ||
| ISBN: | 7-5064-1443-0 | |
| 000 | 00574nam0 2200193 45 | |
| 001 | 9911030816 | |
| 005 | 20000902114819.1 | |
| 010 | @a7-5064-1443-0@d15.00元 | |
| 100 | @a19991103d1998 km y0chiy0120 ea | |
| 101 | @achi | |
| 200 | 1 | @a文学与美--中国古代文学鉴赏@AWen Xue Yu Mei--Zhong Guo Gu Dai Wen Xue Jian Shang@f李玉芝编著@FLi Yu Zhi Bian Zhu |
| 210 | @a北京@c纺织工业出版社@d1998.12 | |
| 215 | @a252页@d32开 | |
| 606 | 0 | @a文学@x中国 |
| 690 | @v3 | |
| 690 | @aI206.2@v3 | |
| 701 | @a李玉芝@4编著 | |
| 801 | @aCN@bPFTUser@c19991103 | |
| 905 | @dI206.2@eL981@b115175-179@f5 | |
| 文学与美--中国古代文学鉴赏/李玉芝编著.-北京:纺织工业出版社,1998.12 |
| 252页;32开 |
| ISBN 7-5064-1443-0:15.00元 |
| ● |
| 相关链接 |
|
|
|
正题名:文学与美--中国古代文学鉴赏
索取号:I206.2/L981
 
预约/预借
| 序号 | 登录号 | 条形码 | 馆藏地/架位号 | 状态 | 备注 |
| 1 | 115175 | 201151751 | 社科二线400B/400B社科库 11排1列1层/ [索取号:I206.2/L981] | 在馆 | |
| 2 | 115176 | 201151760 | 文学库108/108文学库 5排3列3层/ [索取号:I206.2/L981] | 在馆 | |
| 3 | 115177 | 201151779 | 社科二线400B/400B社科库 11排1列1层/ [索取号:I206.2/L981] | 在馆 | |
| 4 | 115178 | 201151788 | 文学库108/108文学库 5排3列3层/ [索取号:I206.2/L981] | 在馆 | |
| 5 | 115179 | 201151797 | 社科二线400B/400B社科库 11排1列1层/ [索取号:I206.2/L981] | 在馆 | |
| 6 | 57763 | 200577633 | 社科二线400B/400B社科库 11排1列1层/ [索取号:I206.2/L981] | 在馆 | |
| 7 | 57765 | 200577651 | 社科二线400B/400B社科库 11排1列1层/ [索取号:I206.2/L981] | 在馆 |